| 000 | 00639nmc a2200229 a 4500 | ||
|---|---|---|---|
| 003 | AR-BaBNM | ||
| 005 | 20251128203625.0 | ||
| 008 | 277019s1949 ||||||||||||||000 | spa|| | ||
| 040 | _cAR-BaBNM | ||
| 100 | 1 | _aSalvaggio, Santos | |
| 245 | 1 | 0 | _aDiccionario biográfico de premios Nobel |
| 260 |
_aBuenos Aires _bClaridad _c1949 |
||
| 300 | 0 |
_a236 p. _bil. |
|
| 490 | 0 |
_aBiblioteca del autodidacta _v6 |
|
| 500 | 0 | _aContiene una breve referencia a Alfedo Bernardo Nobel y a la Fundación Nobel | |
| 610 | 2 | 4 | _aPremios Nobel |
| 650 | 4 | _aDICCIONARIOS | |
| 650 | 4 | _aBIOGRAFIAS | |
| 655 | _aREFERENCIA | ||
| 942 | _cBK | ||
| 998 | _claura | ||
| 999 |
_c4195 _d4195 |
||